[Event "DSOL 03 Liga Gr-B 1st"]
[Site "Playchess.com INT"]
[Date "2020.07.23"]
[Round "5.2"]
[White "Gnegel, Boris Igor"]
[Black "Kleinschroth, Roland"]
[Result "1-0"]
[WhiteElo "1921"]
[BlackElo "2053"]
[PlyCount "69"]
[EventDate "2020.06.22"]
[EventType "team-tourn (rapid)"]
[EventCountry "GER"]
[SourceTitle "EXT 2021"]
[Source "ChessBase"]
[SourceDate "2020.10.23"]
[SourceVersion "1"]
[SourceVersionDate "2020.10.23"]
[SourceQuality "1"]
[WhiteTeam "Bad Toelz"]
[BlackTeam "Eilenriede Weiss Blau"]
[WhiteTeamCountry "GER"]
[BlackTeamCountry "GER"]

1. d4 d6 2. Nf3 f5 3. Nc3 Nf6 4. Bg5 Nbd7 5. e3 e6 6. h3 Be7 7. Bd3 0-0 8. 0-0 b6 9. Qe2 Bb7 10. Bxf6 Nxf6 11. e4 fxe4 12. Nxe4 Nd5 13. Rae1 Nf4 14. Qe3 h6 15. g3 Nxh3+ 16. Kh2 Ng5 17. Nexg5 Bxg5 18. Qxe6+ Rf7 19. Bg6 Qf6 20. Bxf7+ Qxf7 21. Nxg5 hxg5 22. g4 Ba6 23. Rg1 Rf8 24. Kg3 Bb7 25. Qxf7+ Rxf7 26. Re3 Rf4 27. c3 c5 28. dxc5 bxc5 29. f3 d5 30. Re7 Bc6 31. Re5 d4 32. Rf5 dxc3 33. Rxf4 gxf4+ 34. Kxf4 g5+ 35. Ke3 1-0

[Event "Riga RTU rapid op"]
[Site "Riga"]
[Date "2019.07.04"]
[Round "2"]
[White "Svane, Rasmus"]
[Black "Kleinschroth, Roland"]
[Result "1-0"]
[WhiteElo "2612"]
[BlackElo "2082"]
[PlyCount "33"]
[EventDate "2019.07.04"]
[EventType "swiss (rapid)"]
[EventRounds "9"]
[EventCountry "LAT"]
[SourceTitle "EXT 2020"]
[Source "ChessBase"]
[SourceDate "2019.10.17"]
[SourceVersion "1"]
[SourceVersionDate "2019.10.17"]
[SourceQuality "1"]

1. Nf3 d6 2. d4 f5 3. Nc3 Nf6 4. Bg5 Nbd7 5. Qd3 e6 6. e4 fxe4 7. Nxe4 Be7 8. Nxf6+ Bxf6 9. Qe3 0-0 10. Bc4 Nb6 11. Bxe6+ Bxe6 12. Qxe6+ Kh8 13. Be3 Re8 14. Qb3 a5 15. a4 c6 16. 0-0 Qd7 17. Qxb6 1-0

[Event "Hannover Bezirk-ch C"]
[Site "Lehrte"]
[Date "2017.10.30"]
[Round "5.4"]
[White "Kleinschroth, Roland"]
[Black "Schulz, Daniel"]
[Result "0-1"]
[WhiteElo "2099"]
[BlackElo "1976"]
[PlyCount "120"]
[EventDate "2017.10.28"]
[EventType "swiss"]
[EventRounds "7"]
[EventCountry "GER"]
[SourceTitle "EXT 2022"]
[Source "ChessBase"]
[SourceDate "2021.10.06"]
[SourceVersion "1"]
[SourceVersionDate "2021.10.06"]
[SourceQuality "1"]

1. f4 g6 2. Nf3 Bg7 3. e4 d5 4. e5 h5 5. d4 Nh6 6. Bd3 Bf5 7. c3 Bxd3 8. Qxd3 Qd7 9. 0-0 Na6 10. b4 c6 11. Nbd2 Nc7 12. Nb3 b6 13. Bd2 0-0 14. Nh4 e6 15. a4 Rfc8 16. a5 Nf5 17. Nf3 Bf8 18. Rfb1 Be7 19. Be1 Kg7 20. Bf2 h4 21. Ra2 Nb5 22. Rba1 Rab8 23. axb6 axb6 24. Ra6 Qb7 25. Qd2 Ra8 26. R6a2 Rxa2 27. Rxa2 Ra8 28. Rxa8 Qxa8 29. g4 hxg3 30. hxg3 Qh8 31. Kg2 Qh5 32. Nc1 Qg4 33. Ne2 Nh6 34. Qd3 Qf5 35. Qxf5 gxf5 36. Nh2 Kf8 37. Kf3 Ke8 38. g4 fxg4+ 39. Nxg4 Nf5 40. Ne3 Nxe3 41. Bxe3 Kd7 42. Kg4 Nc7 43. Ng3 c5 44. bxc5 bxc5 45. f5 Kc6 46. f6 Bf8 47. Kh5 cxd4 48. cxd4 Kb5 49. Kg4 Kc4 50. Kf3 Nb5 51. Ne2 Ba3 52. Kf2 Bb2 53. Nf4 Nxd4 54. Nh3 Nc6 55. Ng5 Nxe5 56. Ke2 d4 57. Bf4 d3+ 58. Kd1 Ng6 59. Bc7 Nh8 60. Bd8 Be5 0-1

[Event "Hannover Bezirk-ch C"]
[Site "Lehrte"]
[Date "2017.10.28"]
[Round "2.4"]
[White "Kleinschroth, Roland"]
[Black "Rossberg, Jonathan"]
[Result "1-0"]
[WhiteElo "2099"]
[BlackElo "1836"]
[PlyCount "85"]
[EventDate "2017.10.28"]
[EventType "swiss"]
[EventRounds "7"]
[EventCountry "GER"]
[SourceTitle "EXT 2022"]
[Source "ChessBase"]
[SourceDate "2021.10.06"]
[SourceVersion "1"]
[SourceVersionDate "2021.10.06"]
[SourceQuality "1"]

1. e4 c5 2. Nc3 Nc6 3. f4 d6 4. Nf3 g6 5. Bc4 Bg7 6. d3 Nf6 7. 0-0 0-0 8. Qe1 a6 9. a4 Nd4 10. Nxd4 cxd4 11. Ne2 d5 12. exd5 Nxd5 13. Qg3 e6 14. Bd2 b6 15. Kh1 Bb7 16. Ng1 Rc8 17. Nf3 Qd6 18. Ne5 Nb4 19. Rfc1 Rc7 20. c3 Nc6 21. Nf3 dxc3 22. Bxc3 Nd4 23. Nxd4 Bxd4 24. Bxd4 Qxd4 25. f5 Rc6 26. fxe6 fxe6 27. Rf1 Qd6 28. Rxf8+ Qxf8 29. Qe5 Qd6 30. Qf6 Bc8 31. Rf1 Rc7 32. h3 Qe7 33. Qe5 Qg7 34. Bxe6+ Bxe6 35. Qxe6+ Rf7 36. d4 Qf8 37. Kg1 Kg7 38. Rxf7+ Qxf7 39. Qxf7+ Kxf7 40. Kf2 Ke6 41. Ke3 Kd5 42. Kd3 h6 43. g3 1-0

[Event "Daehne-Cup Hannover"]
[Site "Lehrte"]
[Date "2016.08.27"]
[Round "1"]
[White "Sueling, Robert"]
[Black "Kleinschroth, Roland"]
[Result "1-0"]
[WhiteElo "1781"]
[BlackElo "2104"]
[PlyCount "73"]
[EventDate "2016.08.27"]
[EventType "k.o."]
[EventRounds "3"]
[EventCountry "GER"]
[SourceTitle "EXT 2020"]
[Source "ChessBase"]
[SourceDate "2019.10.17"]
[SourceVersion "1"]
[SourceVersionDate "2019.10.17"]
[SourceQuality "1"]

1. d4 d6 2. Nf3 f5 3. g3 Nf6 4. Bg2 e6 5. 0-0 Be7 6. b3 0-0 7. Bb2 a5 8. a3 Ne4 9. Nbd2 Bf6 10. Nxe4 fxe4 11. Ne1 d5 12. f3 exf3 13. exf3 c5 14. f4 Nc6 15. Nf3 b5 16. c3 Qb6 17. Kh1 Bd7 18. dxc5 Qxc5 19. b4 Qb6 20. Qd2 Ne7 21. g4 Ng6 22. Rae1 axb4 23. axb4 Rae8 24. Bh3 Qd6 25. g5 Nxf4 26. gxf6 Nxh3 27. fxg7 Rf7 28. Qh6 Qc6 29. Nd4 Nf2+ 30. Rxf2 Rxf2 31. Nxc6 Bxc6 32. Kg1 Rf7 33. c4 dxc4 34. Rxe6 Bd7 35. Rxe8+ Bxe8 36. Qe6 Bd7 37. Qd5 1-0

[Event "Daehne Cup Region 15/16 VII"]
[Site "Hannover"]
[Date "2016.07.14"]
[Round "3"]
[White "Kleinschroth, Roland"]
[Black "Mueller, Wolfgang"]
[Result "1-0"]
[WhiteElo "2106"]
[BlackElo "1767"]
[PlyCount "81"]
[EventDate "2016.06.30"]
[EventType "k.o."]
[EventRounds "5"]
[EventCountry "GER"]
[SourceTitle "EXT 2022"]
[Source "ChessBase"]
[SourceDate "2021.10.06"]
[SourceVersion "1"]
[SourceVersionDate "2021.10.06"]
[SourceQuality "1"]

1. e4 e6 2. Nf3 d5 3. e5 c5 4. b4 cxb4 5. a3 d4 6. axb4 Bxb4 7. c3 dxc3 8. Qa4+ Nc6 9. Bb5 cxd2+ 10. Nbxd2 Bxd2+ 11. Bxd2 Bd7 12. Qg4 g6 13. Bg5 Qb6 14. Rb1 Qc5 15. 0-0 Nge7 16. Rfc1 Qa3 17. Bf6 h5 18. Qc4 Rg8 19. Nd2 a6 20. Bxc6 Bxc6 21. Qh4 Nf5 22. Qg5 Qd3 23. Nc4 a5 24. Nb6 Ra6 25. Rd1 Rxb6 26. Rbc1 Qxd1+ 27. Rxd1 Bd5 28. h3 Rb4 29. Qc1 Kd7 30. Qc5 Rc8 31. Qxa5 Rbc4 32. Rxd5+ exd5 33. Qxd5+ Ke8 34. e6 fxe6 35. Qxe6+ Kf8 36. Bg5 R4c6 37. Qe5 Re8 38. Qh8+ Kf7 39. Qh7+ Kf8 40. Qxb7 Rc1+ 41. Bxc1 1-0

[Event "GER Cup 1516 final"]
[Site "Halle"]
[Date "2016.05.27"]
[Round "4"]
[White "Kleinschroth, Roland"]
[Black "Belezky, Alexander"]
[Result "0-1"]
[WhiteElo "2138"]
[BlackElo "2426"]
[PlyCount "68"]
[EventDate "2016.05.26"]
[EventType "swiss"]
[EventRounds "5"]
[EventCountry "GER"]
[SourceTitle "EXT 2019"]
[Source "ChessBase"]
[SourceDate "2018.10.10"]
[SourceVersion "1"]
[SourceVersionDate "2018.10.10"]
[SourceQuality "1"]

1. e4 Nf6 2. e5 Nd5 3. Nc3 Nb6 4. d4 d5 5. Bd3 Be6 6. Nge2 Qd7 7. 0-0 Nc6 8. Be3 Nb4 9. b3 Nxd3 10. Qxd3 Bf5 11. Qd2 h5 12. a4 a5 13. Rfc1 h4 14. f3 f6 15. Nf4 fxe5 16. dxe5 e6 17. Nb5 c5 18. c3 Qc6 19. Ne2 Nd7 20. f4 Be7 21. Ned4 cxd4 22. Nxd4 Qa6 23. Nxf5 exf5 24. Qxd5 Qc6 25. c4 Nc5 26. Bxc5 Bxc5+ 27. Kf1 Rd8 28. Qxc6+ bxc6 29. Ke2 Ke7 30. h3 Rd4 31. Rf1 Rhd8 32. Rf3 Re4+ 33. Kf1 Rd2 34. g4 Rh2 0-1

[Event "Hannover Region-ch"]
[Site "Hannover"]
[Date "2016.02.13"]
[Round "4"]
[White "Kleinschroth, Roland"]
[Black "Schulze, Torben"]
[Result "1-0"]
[WhiteElo "2140"]
[BlackElo "2301"]
[PlyCount "104"]
[EventDate "2016.01.16"]
[EventType "swiss"]
[EventRounds "7"]
[EventCountry "GER"]
[SourceTitle "EXT 2020"]
[Source "ChessBase"]
[SourceDate "2019.10.17"]
[SourceVersion "1"]
[SourceVersionDate "2019.10.17"]
[SourceQuality "1"]

1. e4 d6 2. d4 Nf6 3. Nc3 e5 4. Nf3 exd4 5. Nxd4 Be7 6. Bc4 0-0 7. 0-0 c6 8. a4 Nxe4 9. Nxe4 d5 10. Bd3 dxe4 11. Bxe4 Re8 12. Nf5 Bf8 13. Qxd8 Rxd8 14. Bg5 f6 15. Be3 Nd7 16. Rfd1 Re8 17. Bf3 Ne5 18. Nd6 Bxd6 19. Rxd6 Nc4 20. Rd3 Bf5 21. Rc3 Nxe3 22. fxe3 Rad8 23. Rd1 Rxd1+ 24. Bxd1 Re4 25. b3 Re5 26. Bf3 Kf7 27. Kf2 Ke7 28. Rc4 Kd6 29. Ke2 a5 30. Kd2 g5 31. g3 Bg6 32. Rd4+ Kc7 33. c3 Bf7 34. b4 Bb3 35. bxa5 Rxa5 36. Bd1 Be6 37. Re4 Kd6 38. Rd4+ Ke7 39. Rb4 Rd5+ 40. Rd4 Re5 41. Rb4 Bc8 42. Bc2 h6 43. Re4 Kd6 44. Rxe5 Kxe5 45. a5 h5 46. h4 Bg4 47. Bd3 Kd5 48. e4+ Ke5 49. Ke3 Be6 50. Be2 Bf7 51. Bd1 Bg6 52. Bc2 Bh7 1-0

[Event "Niedersachsen-ch"]
[Site "Verden"]
[Date "2016.01.03"]
[Round "2"]
[White "Kleinschroth, Roland"]
[Black "Tonndorf, Matthias"]
[Result "0-1"]
[WhiteElo "2140"]
[BlackElo "2260"]
[PlyCount "72"]
[EventDate "2016.01.03"]
[EventType "swiss"]
[EventRounds "7"]
[EventCountry "GER"]
[SourceTitle "EXT 2018"]
[Source "ChessBase"]
[SourceDate "2017.10.13"]
[SourceVersion "1"]
[SourceVersionDate "2017.10.13"]
[SourceQuality "1"]

1. e4 e5 2. f4 Bc5 3. Nf3 d6 4. c3 Qe7 5. Qe2 Nc6 6. b4 Bb6 7. a4 a6 8. a5 Ba7 9. d3 Nf6 10. Be3 Bxe3 11. Qxe3 d5 12. fxe5 Nxe5 13. Nbd2 Nxf3+ 14. gxf3 dxe4 15. fxe4 Nd5 16. Qd4 Qh4+ 17. Kd1 Bg4+ 18. Kc2 Nf4 19. Qe5+ Ne6 20. Qg3 Qxg3 21. hxg3 f5 22. exf5 Bxf5 23. Bh3 Bxh3 24. Rxh3 Ng5 25. Re1+ Kd7 26. Rh4 Rae8 27. Rd4+ Kc8 28. Rxe8+ Rxe8 29. Rg4 h6 30. Ne4 Nxe4 31. dxe4 g5 32. Kd3 Kd7 33. Kd4 Kd6 34. e5+ Rxe5 35. Kc4 c5 36. b5 h5 0-1

[Event "Hannover Region-ch"]
[Site "Hannover"]
[Date "2015.02.28"]
[Round "5"]
[White "Kleinschroth, Roland"]
[Black "Herrmann, Andreas"]
[Result "0-1"]
[WhiteElo "2094"]
[BlackElo "2099"]
[PlyCount "76"]
[EventDate "2015.01.10"]
[EventType "swiss"]
[EventRounds "7"]
[EventCountry "GER"]
[SourceTitle "EXT 2021"]
[Source "ChessBase"]
[SourceDate "2020.10.23"]
[SourceVersion "1"]
[SourceVersionDate "2020.10.23"]
[SourceQuality "1"]

1. e4 c5 2. d4 cxd4 3. c3 d3 4. Bxd3 Nc6 5. c4 g6 6. Ne2 Bg7 7. Nbc3 Ne5 8. 0-0 Nf6 9. f3 0-0 10. Be3 d6 11. b3 Nxd3 12. Qxd3 Bd7 13. Nf4 a6 14. a4 Bc6 15. Rab1 Nd7 16. Rfd1 Re8 17. Nfd5 b6 18. Bd4 Bf8 19. Ne2 Rb8 20. Ba1 Nc5 21. Qc3 e5 22. Nb4 Ba8 23. Nd3 Qc7 24. Nef4 f5 25. Nd5 Bxd5 26. cxd5 fxe4 27. fxe4 Qd7 28. Qc4 Qg4 29. Nf2 Qh4 30. b4 b5 31. axb5 axb5 32. Qe2 Nd7 33. Rdc1 Bh6 34. Rc7 Qd8 35. Qc2 Be3 36. Qc6 Nf6 37. Kf1 Rf8 38. Rb2 Ra8 0-1